| 000 | 00000nas##2200000za#4500 |
| 001 | 9.508444 |
| 003 | CaOODSP |
| 005 | 20200427142340 |
| 007 | ta |
| 008 | 150406c2002||||xxc|| p #||||f| |0eng|d |
| 040 | |aCaOODSP|beng |
| 041 | |aeng |
| 041 | |afre |
| 043 | |an-cn--- |
| 086 | 1 |aFC2-1 |
| 110 | 2 |aFinancial Consumer Agency of Canada. |
| 245 | 10|aCredit cards and you |
| 260 | |aOttawa - Ontario : |bFinancial Consumer Agency of Canada |
| 310 | |aQuarterly |
| 362 | 1 |aSpring, 2002-Summer 2002 |
| 546 | |aBilingual |
| 563 | |aSoftcover |
| 785 | 00|tCredit cards and you |w(CaOODSP)9.514245 |
| 792 | |tLes cartes de crédit: à vous de choisir |efre|w(CaOODSP)9.508445 |